000 00214 a2200097 4500
001 46323
100 _aLamb, G
245 _aTales of Human Endeavor
260 _aLondon
_bGeorge G Harrap
_c
090 _c29442
_d29442
942 _aNUST-CAE
_cM
_c21605
999 _c281396
_d281396